Normal view MARC view
  • Zapata González, Alfredo

Entry Nombre Personal

Number of records used in: 2

001 - NUMERO DE CONTROL

  • campo de control: 47644

003 - IDENTIFICADOR DE NUMERO DE CONTROL

  • campo de control: UPN

005 - FECHA Y HORA DE LA ÜLTIMA TRANSACCIÓN

  • campo de control: 20230119102235.0

008 - DATOS DE LONGITUD FIJA

  • campo de control de longitud fija: 230119|| acn||aabn | a|a d

024 ## - OTROS IDENTIFICADORES NORMALIZADOS

  • Fuente: orcid
  • Número normalizado o código: 0000-0001-5087-6244

040 ## - FUENTE DE CATALOGACIÓN

  • Agencia original de catalogación: MX-MxUPN

100 1# - ENCABEZAMIENTO - NOMBRE PERSONAL

  • Nombre personal: Zapata González, Alfredo

370 ## - LUGAR ASOCIADO

  • Place of birth: México

371 ## - DIRECCIÓN

  • Address: C. 60 491A, Parque Santa Lucia, Centro
  • City: Mérida, Yucatán
  • Country: México
  • Postal code: 97000
  • Electronic mail address: mailito:zgonzal@gmail.com

372 ## - CAMPO DE ACTIVIDAD

  • Field of activity: Tecnologías informáticas, minería de datos y sistemas de recomendación aplicados a entornos educativos.
  • Field of activity: Docencia e investigación

373 ## - GRUPO ASOCIADO

  • Associated group: Universidad Autónoma de Yucatán

374 ## - OCUPACIÓN

  • Occupation: Doctor en Tecnologías Informáticas Avanzadas
  • Occupation: Profesor e investigador universitario

375 ## - GÉNERO

  • Gender: masculino

377 ## - LENGUA ASOCIADA

  • Language code: spa

400 1# - VEÁSE - NOMBRE DE PERSONA

  • Personal name: Zapata, A.

400 1# - VEÁSE - NOMBRE DE PERSONA

  • Personal name: Zapata González, A.

670 ## - FUENTE EN LA QUE SE LOCALIZARON DATOS

  • Cita de la fuente: En recurso en línea Innovación educativa Vol. 19, no. 81 (2019):
  • Información localizada: página 11 (Alfredo Zapata González)
  • Uniform Resource Identifier: https://www.ipn.mx/assets/files/innovacion/docs/Innovacion-Educativa-81/mits-sistema-tutoria-inteligente-profesorado-moodle.pdf

902 ## - CATALOGADOR

  • Catalogador: RGJD/190123